[Event "Reunion op 20th"]
[Site "St Denis"]
[Date "2018.10.19"]
[Round "7"]
[White "Alfonsi, Romain"]
[Black "Assie, Joel"]
[Result "1-0"]
[WhiteElo "1173"]
[BlackElo "1381"]
[PlyCount "61"]
[EventDate "2018.10.14"]
[EventType "swiss"]
[EventRounds "9"]
[EventCountry "RUF"]
[SourceTitle "CBM 187 Extra"]
[Source "ChessBase"]
[SourceDate "2018.11.04"]
[SourceVersion "1"]
[SourceVersionDate "2018.11.04"]
[SourceQuality "1"]

1. e4 c6 2. d4 d5 3. Nc3 dxe4 4. Nxe4 Nd7 5. Nf3 Ngf6 6. Nxf6+ Nxf6 7. Bg5 Bg4 8. Bxf6 gxf6 9. h3 Bh5 10. Be2 Qa5+ 11. c3 e6 12. 0-0 Bh6 13. Nd2 Bg6 14. Nc4 Qc7 15. Bd3 Rg8 16. Re1 Kf8 17. Bxg6 Rxg6 18. Ne3 f5 19. Qd3 Qf4 20. g3 Ke7 21. Ng2 Qd6 22. Ne3 Rag8 23. Nxf5+ Kd7 24. Nxd6 Bf4 25. Ne4 R8g7 26. Qf3 Bc7 27. Kh2 Bd8 28. Rad1 h6 29. c4 f5 30. Nc5+ Kc7 31. Rxe6 1-0

[Event "Reunion op 20th"]
[Site "St Denis"]
[Date "2018.10.16"]
[Round "4"]
[White "Parame, Bruno"]
[Black "Alfonsi, Romain"]
[Result "0-1"]
[WhiteElo "1399"]
[BlackElo "1173"]
[PlyCount "90"]
[EventDate "2018.10.14"]
[EventType "swiss"]
[EventRounds "9"]
[EventCountry "RUF"]
[SourceTitle "CBM 187 Extra"]
[Source "ChessBase"]
[SourceDate "2018.11.04"]
[SourceVersion "1"]
[SourceVersionDate "2018.11.04"]
[SourceQuality "1"]

1. e4 e5 2. Nf3 Nc6 3. b3 Nf6 4. Nc3 Bb4 5. Bb2 Bxc3 6. Bxc3 Nxe4 7. Bb2 Nf6 8. Bb5 d6 9. d3 Bd7 10. Bc4 a6 11. d4 d5 12. Be2 e4 13. Nd2 0-0 14. 0-0 Qe7 15. c4 e3 16. Nf3 exf2+ 17. Rxf2 Bg4 18. Nd2 Bxe2 19. Rxe2 Qd6 20. c5 Qf4 21. Qf1 Qxf1+ 22. Rxf1 Rfe8 23. Rfe1 Rxe2 24. Rxe2 g6 25. Nf3 Rb8 26. a3 b6 27. b4 a5 28. Bc3 Ne4 29. Be1 bxc5 30. dxc5 axb4 31. axb4 Nxb4 32. Ne5 Nxc5 33. Ng4 d4 34. Nf6+ Kh8 35. Bg3 Rb7 36. Be5 Nc6 37. Bf4 Nd3 38. g3 Nxf4 39. gxf4 Rb1+ 40. Kg2 d3 41. Re8+ Kg7 42. Ne4 Rb2+ 43. Kg3 d2 44. Nc3 Rb1 45. h4 Rb3 0-1

[Event "Reunion op 19th"]
[Site "St Denis"]
[Date "2017.10.17"]
[Round "3"]
[White "Alex Geerjanan, Nils"]
[Black "Alfonsi, Romain"]
[Result "1/2-1/2"]
[WhiteElo "1140"]
[BlackElo "1250"]
[PlyCount "129"]
[EventDate "2017.10.16"]
[EventType "swiss"]
[EventRounds "7"]
[EventCountry "RUF"]
[SourceTitle "CBM 181 Extra"]
[Source "ChessBase"]
[SourceDate "2017.12.12"]
[SourceVersion "1"]
[SourceVersionDate "2017.12.12"]
[SourceQuality "1"]

1. e4 e5 2. Nf3 Nc6 3. Bc4 Nf6 4. d3 h6 5. 0-0 Bc5 6. Re1 d6 7. h3 0-0 8. Be3 Bb6 9. Nc3 Be6 10. Bb3 d5 11. d4 exd4 12. Bxd4 Bxd4 13. Nxd4 Nxd4 14. Qxd4 dxe4 15. Qxd8 Raxd8 16. Nxe4 Bxb3 17. axb3 Nxe4 18. Rxe4 a6 19. Rae1 Kh7 20. R1e3 Rd1+ 21. Kh2 Rd2 22. Rg3 g6 23. Rc4 c6 24. Rf3 Kg7 25. Rfc3 Rxf2 26. Rb4 Rb8 27. Rd4 Rf1 28. Rcd3 Rb1 29. Rf3 Rxb2 30. Rd7 Rf8 31. Rxb7 Rxc2 32. Rb6 a5 33. Ra6 Rc5 34. Rf4 Rc8 35. Ra4 Rb5 36. R4xa5 Rxb3 37. Rc5 h5 38. Raxc6 Rd8 39. Ra6 Rd7 40. Ra4 f6 41. Rac4 Rbb7 42. Rf4 g5 43. Rfc4 h4 44. Rf5 Kg6 45. Rfc5 Rb6 46. Rc6 Rb5 47. Rg4 Rf7 48. Re6 Kh5 49. Re8 Rh7 50. Rf8 f5 51. Rd4 g4 52. hxg4+ fxg4 53. Rg8 Rg5 54. Rxg5+ Kxg5 55. Rd5+ Kf6 56. Rd6+ Kf5 57. Ra6 g3+ 58. Kh3 Kf4 59. Ra4+ Ke3 60. Ra3+ Ke2 61. Ra2+ Kd1 62. Ra1+ Kc2 63. Ra2+ Kb3 64. Re2 Kc3 65. Re3+ 1/2-1/2